书目信息 |
| 题名: |
豫北平原农业生态系统研究
|
|
| 作者: | 傅积平 , 徐富安 主编 | |
| 分册: | ||
| 出版信息: | 北京 气象出版社 1945 |
|
| 页数: | 277页 | |
| 开本: | 16开 | |
| 丛书名: | ||
| 单 册: | ||
| 中图分类: | S181 | |
| 科图分类: | ||
| 主题词: | 农业科学:生物学 | |
| 电子资源: | ||
| ISBN: | 7-5029-2466-3 | |
| 000 | 00625nam0 2200205 45 | |
| 001 | 0007310824 | |
| 005 | 20000731082921.1 | |
| 010 | @a7-5029-2466-3@d45.00元 | |
| 100 | @a20000731d1945 km y0chiy0120 ea | |
| 101 | 0 | @achi |
| 105 | @a z 000yy | |
| 200 | 1 | @a豫北平原农业生态系统研究@AYu Bei Ping Yuan Nong Ye Sheng Tai Xi Tong Yan Jiu@f傅积平,徐富安主编@FFu Ji Ping,Xu Fu An Zhu Bian |
| 210 | @a北京@c气象出版社@d1945 | |
| 215 | @a277页@d16开 | |
| 606 | 0 | @a农业科学:生物学 |
| 690 | @aS181@v3 | |
| 701 | 0 | @a傅积平@4主编 |
| 701 | 0 | @a徐富安@4主编 |
| 801 | @aCN@bPftUser@c20000731 | |
| 905 | @b83771-772@dS181@eF685@f2 | |
| 豫北平原农业生态系统研究/傅积平,徐富安主编.-北京:气象出版社,1945 |
| 277页;16开 |
| ISBN 7-5029-2466-3:45.00元 |
| ● |
| 相关链接 |
|
|
|
正题名:豫北平原农业生态系统研究
索取号:S181/F685
 
预约/预借
| 序号 | 登录号 | 条形码 | 馆藏地/架位号 | 状态 | 备注 |
| 1 | 83771 | 200837719 | 自科库401/401自科库 66排7列2层/ [索取号:S181/F685] | 在馆 | |
| 2 | 83772 | 200837728 | 自科库401/401自科库 66排7列2层/ [索取号:S181/F685] | 在馆 |